00805nam 22002291 4500001000800000005001700008008004100025035002100066906004500087010001700132035001800149040002100167050001700188100004500205245006300250250006300313260006500376300003300441985002100474991004500495099003500540960074419980421190101.0730226s1902 xx 000 0 eng  9(DLC) 02024263 a7bcbccoclcrplduencipf19gy-gencatlg a 02024263  a(OCoLC)564440 aDLCcOKentUdDLC00aPS2250.FbO21 aLongfellow, Henry Wadsworth,d1807-1882.04aThe complete poetical works of Henry Wadsworth Longfellow. aHousehold ed.bWith two hundred and seventy illustrations. aBostonaand New York,bHoughton, Mifflin and company,c1902. axxv, 879 p.billus. c21 cm. eOCLC REPLACEMENT bc-GenCollhPS2250.FiO2tCopy 1wOCLCREP alongfellow-complete-1071429631